000 00388nam a2200133Ia 4500
008 220217s9999||||xx |||||||||||||| ||und||
020 _a81-7722-031-7
082 _a005.74 BRD
100 _aBrooks, Wayne, F Klander, Lars
_92835
245 0 _aAccess 2000 programming handbook
260 _aDreamtech press
_bNew Delhi
_c2000
300 _b379
650 _aDATA FILES & DATABASE
_9695
999 _c170102
_d170102